sweden - Statistics

General Stats
  • This quiz has been taken 11 times
  • The average score is 8 of 15
Answer Stats
Fact Answer % Correct
continent Europe
100%
flag colors blue and yellow
91%
smallest neighbouring country Denmark
91%
biggest neighbouring country Finland
91%
region sweden is in Scandinavia
91%
capital Stockholm
91%
symbol on flag cross
73%
offical name Kingdom of Sweden
64%
borders 3
36%
higest point 2,097 m
27%
population (as of july 7 2021) 10,540,886
0%
islands 267,521
0%
coastline 3,218 km
0%
size 450,295
0%
gdp (ppp) per capita $66,209
0%
No matching quizzes found
Score Distribution
Percent of People with Each Score
Percentile by Number Answered
Your Score History
You have not taken this quiz